[Event "Championnat de France - Accession"]
[Site "Pau"]
[Date "2008.08.14"]
[Round "3.20"]
[White "Guennoun, Anthony"]
[Black "Bailet, Pierre"]
[Result "0-1"]
[WhiteElo "2178"]
[BlackElo "2268"]
[PlyCount "94"]

1. e4 c5 2. Nf3 Nc6 3. Nc3 g6 4. d4 cxd4 5. Nxd4 Bg7 6. Nde2 d6 7. g3 Nf6 8.
Bg2 O-O 9. O-O Rb8 10. h3 b5 11. Be3 a5 12. f4 b4 13. Nd5 Nd7 14. Nd4 Bxd4 15.
Bxd4 e6 16. Bf2 exd5 17. Qxd5 Bb7 18. Qxd6 Re8 19. Rfd1 Nf8 20. e5 Qxd6 21.
Rxd6 Ne7 22. Ba7 Ra8 23. Bxb7 Rxa7 24. Be4 Ne6 25. Kf2 Rc8 26. Rad1 Nf5 27.
R6d2 Nc5 28. Rd8+ Rxd8 29. Rxd8+ Kg7 30. Bxf5 gxf5 31. Ke3 Rc7 32. Ra8 Na4 33.
b3 Rc3+ 34. Kd4 Nc5 35. Rxa5 Ne6+ 36. Kd5 Rxc2 37. Ra4 h5 38. Rxb4 Rxa2 39. g4
Rd2+ 40. Kc6 hxg4 41. hxg4 fxg4 42. f5 Nd4+ 43. Kc5 g3 44. f6+ Kg6 45. Rb8 g2
46. Rg8+ Kf5 47. Rg3 Kxe5 0-1

[Event "Championnat de France - Accession"]
[Site "Pau"]
[Date "2008.08.15"]
[Round "4.1"]
[White "Debray, Christopher"]
[Black "Bujisho, Benjamin"]
[Result "1/2-1/2"]
[WhiteElo "2378"]
[BlackElo "2402"]
[PlyCount "69"]

1. e4 c5 2. Nf3 d6 3. Bb5+ Nc6 4. O-O Bd7 5. Re1 Nf6 6. c3 a6 7. Bxc6 Bxc6 8.
d4 Bxe4 9. Bg5 Bc6 10. Bxf6 gxf6 11. d5 Bd7 12. Nh4 h5 13. Qf3 Rh6 14. Nd2 Qc7
15. b4 O-O-O 16. bxc5 dxc5 17. Rab1 e6 18. Nc4 b5 19. dxe6 Bc6 20. Qh3 fxe6 21.
Qxe6+ Kb7 22. Ne3 f5 23. Qxf5 Bd6 24. Qh3 Rf6 25. Nhf5 Bf4 26. a4 Rdf8 27. axb5
axb5 28. c4 Bxe3 29. Nxe3 b4 30. Qxh5 Qf4 31. Ng4 Rf5 32. Re7+ Kb6 33. Qh3 Qxc4
34. Rbe1 Rg5 35. Ne3 1/2-1/2

[Event "Championnat de France - Accession"]
[Site "Pau"]
[Date "2008.08.15"]
[Round "4.2"]
[White "Guilleux, Fabien"]
[Black "Aguettaz, Maxime"]
[Result "1-0"]
[WhiteElo "2397"]
[BlackElo "2426"]
[PlyCount "71"]

1. Nf3 Nf6 2. c4 g6 3. Nc3 Bg7 4. e4 d6 5. d4 O-O 6. Be2 e5 7. Be3 h6 8. dxe5
Ng4 9. Bf4 Nxe5 10. Qd2 Kh7 11. O-O-O Nbc6 12. h4 Be6 13. Nd5 a6 14. h5 g5 15.
Be3 b5 16. c5 Rb8 17. Nd4 Nxd4 18. Bxd4 a5 19. Kb1 dxc5 20. Bxc5 Nc4 21. Bxc4
bxc4 22. Bd4 f6 23. Qc2 c6 24. Bxf6 Rxf6 25. e5+ Bf5 26. Nxf6+ Qxf6 27. exf6
Bxc2+ 28. Kxc2 Bxf6 29. Rd7+ Kg8 30. Rb1 Rb5 31. Rd6 Rf5 32. Rf1 c5 33. Ra6 g4
34. Rxa5 g3 35. f4 Rxh5 36. Rf3 1-0

[Event "Championnat de France - Accession"]
[Site "Pau"]
[Date "2008.08.15"]
[Round "4.3"]
[White "Housieaux, David"]
[Black "Saucey, Michel"]
[Result "1-0"]
[WhiteElo "2411"]
[BlackElo "2348"]
[PlyCount "93"]

1. d4 Nf6 2. c4 e6 3. g3 Bb4+ 4. Bd2 a5 5. Bg2 d5 6. Qc2 Nc6 7. Nf3 dxc4 8.
Qxc4 Qd5 9. Qd3 Qf5 10. Qxf5 exf5 11. O-O Be6 12. Rc1 O-O 13. e3 Nd5 14. Ne1
Nce7 15. Nd3 c6 16. Be1 Bxe1 17. Nxe1 b6 18. Nc3 Rfc8 19. Na4 Rab8 20. a3 f6
21. Nd3 Kf7 22. b4 axb4 23. axb4 Ra8 24. Nab2 Ke8 25. Nc4 Kd7 26. Bf1 Rcb8 27.
f3 Nc8 28. Kf2 Nde7 29. Nf4 Bf7 30. e4 g5 31. Ng2 Bxc4 32. Bxc4 Nd6 33. Bd3
fxe4 34. fxe4 f5 35. e5 Ne4+ 36. Bxe4 fxe4 37. Ke3 Nd5+ 38. Kxe4 Nxb4 39. Ne3
Na2 40. Rf1 Ra3 41. Rf7+ Ke6 42. Rf6+ Kd7 43. Re1 Re8 44. Nc4 Rb3 45. Ra1 Nc3+
46. Kf5 Nb5 47. Rf7+ 1-0

[Event "Championnat de France - Accession"]
[Site "Pau"]
[Date "2008.08.15"]
[Round "4.4"]
[White "Bedouin, Xavier"]
[Black "Shirazi, Kamran"]
[Result "1/2-1/2"]
[WhiteElo "2365"]
[BlackElo "2440"]
[PlyCount "143"]

1. e4 c5 2. c3 g6 3. d4 cxd4 4. cxd4 d5 5. Nc3 dxe4 6. Bc4 a6 7. Nxe4 Nc6 8.
Nf3 Bg7 9. O-O b5 10. Bb3 Nh6 11. d5 Na5 12. d6 Nxb3 13. Qxb3 Be6 14. Qb4 Nf5
15. Rd1 O-O 16. Bg5 f6 17. Nd4 Nxd4 18. dxe7 Ne2+ 19. Kh1 Qc7 20. exf8=Q+ Rxf8
21. Be3 f5 22. Ng3 f4 23. Nxe2 fxe3 24. fxe3 Bc4 25. Nd4 Rf2 26. Rd2 Qf7 27.
Rxf2 Qxf2 28. Qe1 Qxb2 29. Rd1 Bxa2 30. Qd2 Qxd2 31. Rxd2 Bc4 32. Nc6 Bc3 33.
Rc2 Bf6 34. e4 Bd3 35. Ra2 Bxe4 36. Rxa6 Kf7 37. Rb6 h5 38. h3 h4 39. Nb4 g5
40. Rxb5 g4 41. Kh2 gxh3 42. Kxh3 Kg6 43. Nd5 Bf5+ 44. Kh2 Be5+ 45. Kg1 Be4 46.
Nb6 Bf4 47. Nc4 Kf6 48. Rh5 Bg5 49. Ne5 Be3+ 50. Kf1 Bf4 51. Nf3 Bd3+ 52. Kg1
Be3+ 53. Kh1 Bf2 54. Nxh4 Be4 55. Kh2 Be3 56. Ra5 Bd2 57. Ra6+ Kf7 58. Nf3 Bf4+
59. Kh3 Bf5+ 60. g4 Bd3 61. Rb6 Kg7 62. g5 Bf5+ 63. Kh4 Be3 64. Rb7+ Kf8 65.
Ne5 Kg8 66. Kh5 Bd4 67. Ng4 Kf8 68. Nh6 Bd3 69. Rd7 Be2+ 70. Kg6 Bc5 71. Nf5
Ke8 72. Rd5 1/2-1/2

[Event "Championnat de France - Accession"]
[Site "Pau"]
[Date "2008.08.15"]
[Round "4.5"]
[White "Nguyen, Chi-Minh"]
[Black "Riff, Vincent"]
[Result "1/2-1/2"]
[WhiteElo "2432"]
[BlackElo "2290"]
[PlyCount "66"]

1. d4 Nf6 2. c4 e6 3. Nc3 Bb4 4. e3 b6 5. f3 O-O 6. e4 d5 7. e5 Nfd7 8. cxd5
exd5 9. a3 Bxc3+ 10. bxc3 Ba6 11. Bxa6 Nxa6 12. f4 Re8 13. Nf3 c5 14. Be3 Nc7
15. O-O f6 16. Bf2 Qe7 17. Bg3 f5 18. c4 Qe6 19. dxc5 Nxc5 20. Nd4 Qf7 21. cxd5
Nxd5 22. Nxf5 Qxf5 23. Qxd5+ Ne6 24. Rad1 Rad8 25. Qb3 h5 26. Qb1 Qxb1 27. Rxb1
Nd4 28. Rfe1 Nf5 29. Rbd1 Kf7 30. Bf2 Ke6 31. h3 h4 32. Kf1 Rxd1 33. Rxd1 Rc8
1/2-1/2

[Event "Championnat de France - Accession"]
[Site "Pau"]
[Date "2008.08.15"]
[Round "4.6"]
[White "Roos, Louis"]
[Black "Bissieres, Matthieu"]
[Result "1/2-1/2"]
[WhiteElo "2375"]
[BlackElo "2275"]
[PlyCount "46"]

1. c4 Nf6 2. Nf3 Nc6 3. g3 e5 4. Bg2 Bc5 5. Nc3 O-O 6. d3 d6 7. O-O h6 8. e3 a5
9. b3 Bf5 10. d4 exd4 11. Nxd4 Bg4 12. Nxc6 bxc6 13. Qc2 Qd7 14. Na4 Ba7 15.
Bb2 Bf5 16. e4 Bg6 17. Bxf6 gxf6 18. Qd2 Kg7 19. c5 Rfd8 20. Rac1 dxc5 21. Qxd7
Rxd7 22. Rc4 Rd2 23. Ra1 Rad8 1/2-1/2

[Event "Championnat de France - Accession"]
[Site "Pau"]
[Date "2008.08.15"]
[Round "4.7"]
[White "Tarchichi, Paul"]
[Black "Payen, Arnaud"]
[Result "0-1"]
[WhiteElo "2153"]
[BlackElo "2372"]
[PlyCount "50"]

1. e4 c5 2. Nf3 e6 3. d4 cxd4 4. Nxd4 a6 5. Nc3 b5 6. g3 Bb7 7. Bg2 Nf6 8. O-O
b4 9. e5 Bxg2 10. Kxg2 bxc3 11. exf6 Qxf6 12. Bf4 cxb2 13. Rb1 Bc5 14. Qf3 d5
15. Nb3 Be7 16. c4 O-O 17. cxd5 exd5 18. Qxd5 Nc6 19. Qd2 g5 20. Be3 Ne5 21.
Bxg5 Qf3+ 22. Kg1 Qe4 23. f3 Nxf3+ 24. Rxf3 Qxb1+ 25. Rf1 Qxf1+ 0-1

[Event "Championnat de France - Accession"]
[Site "Pau"]
[Date "2008.08.15"]
[Round "4.8"]
[White "Daurelle, Herve"]
[Black "Terrieux, Kevin"]
[Result "0-1"]
[WhiteElo "2253"]
[BlackElo "2360"]
[PlyCount "116"]

1. e4 c5 2. Nf3 Nc6 3. d4 cxd4 4. Nxd4 Nf6 5. Nc3 e5 6. Ndb5 d6 7. Bg5 a6 8.
Na3 b5 9. Bxf6 gxf6 10. Nd5 f5 11. c3 Bg7 12. exf5 Bxf5 13. Nc2 O-O 14. Nce3
Bg6 15. h4 Be4 16. h5 Qg5 17. h6 Bxh6 18. Rxh6 Qxh6 19. Qg4+ Bg6 20. Nf5 Qh2
21. O-O-O Kh8 22. Nh4 e4 23. Nf4 Ne5 24. Qg5 f6 25. Qh6 Kg8 26. Ne6 Rf7 27. Nf5
Qxh6+ 28. Nxh6+ Kh8 29. Nxf7+ Nxf7 30. Nc7 Ra7 31. Ne8 f5 32. Nxd6 Ne5 33. Rd5
Re7 34. a4 bxa4 35. Bxa6 f4 36. Rd4 Nd3+ 37. Bxd3 exd3 38. Rxf4 Re1+ 39. Kd2
Re2+ 40. Kd1 Rxb2 41. Rxa4 Rxf2 42. g4 h5 43. Nf5 Bf7 44. Ra8+ Kh7 45. Ra7 Kg6
46. gxh5+ Kf6 47. Rxf7+ Kxf7 48. Nd6+ Ke6 49. Ne4 Rf1+ 50. Kd2 Kd5 51. Ng5 Rf5
52. c4+ Kxc4 53. Ne4 Rxh5 54. Ng3 Rh2+ 55. Kd1 Kd4 56. Nf1 Rh1 57. Kd2 Rh3 58.
Kd1 Kc3 0-1

[Event "Championnat de France - Accession"]
[Site "Pau"]
[Date "2008.08.15"]
[Round "4.9"]
[White "Manouck, Thierry"]
[Black "Bailet, Pierre"]
[Result "0-1"]
[WhiteElo "2358"]
[BlackElo "2268"]
[PlyCount "86"]

1. c4 Nf6 2. g3 e6 3. Nf3 d5 4. b3 Be7 5. Bg2 O-O 6. O-O c5 7. e3 Nc6 8. Bb2 d4
9. exd4 cxd4 10. Re1 Re8 11. d3 Bb4 12. Nbd2 e5 13. Qc2 Bf8 14. a3 a5 15. Re2
Bf5 16. Rae1 Qc7 17. h3 h6 18. c5 Rad8 19. Qc4 Be6 20. Qb5 Nd5 21. Nc4 Bd7 22.
Nb6 Nxb6 23. Qxb6 Qxb6 24. cxb6 f6 25. Nd2 Bf5 26. Ne4 Be6 27. Rc1 Bxb3 28. Nc5
Bxc5 29. Rxc5 Rd6 30. Bxc6 bxc6 31. Rxa5 Rb8 32. f4 exf4 33. Re7 Rxb6 34. Raa7
fxg3 35. Rxg7+ Kf8 36. a4 Bd5 37. Rgb7 Rxb7 38. Rxb7 Re6 39. Ba3+ Ke8 40. Rb8+
Kd7 41. Rb7+ Kd8 42. Rb1 Re2 43. Bd6 Rh2 0-1

[Event "Championnat de France - Accession"]
[Site "Pau"]
[Date "2008.08.15"]
[Round "4.10"]
[White "Vernay, Clovis"]
[Black "Rabineau, Clement"]
[Result "1-0"]
[WhiteElo "2345"]
[BlackElo "2234"]
[PlyCount "43"]

1. d4 Nf6 2. c4 e6 3. Nc3 Bb4 4. Qc2 d5 5. cxd5 exd5 6. Bg5 Nbd7 7. e3 c5 8.
dxc5 Qa5 9. Bd3 h6 10. Bh4 O-O 11. Nge2 Re8 12. O-O Qxc5 13. Rfd1 a6 14. Rac1
Bxc3 15. Nxc3 Qc6 16. Be2 Nb6 17. Qb3 Be6 18. Bxf6 d4 19. Qb4 dxc3 20. Bxc3 Nd5
21. Qd4 Nxc3 22. Rxc3 1-0

[Event "Championnat de France - Accession"]
[Site "Pau"]
[Date "2008.08.15"]
[Round "4.11"]
[White "Rouler, Charly"]
[Black "Sanchez, Nicolas"]
[Result "1-0"]
[WhiteElo "2326"]
[BlackElo "2229"]
[PlyCount "89"]

1. d4 Nf6 2. c4 g6 3. g3 Bg7 4. Bg2 O-O 5. Nf3 d6 6. O-O Nbd7 7. Nc3 e5 8. h3
a6 9. Be3 Re8 10. Qd2 Rb8 11. Rfd1 exd4 12. Nxd4 Ne5 13. b3 Bd7 14. Rac1 Qc8
15. Kh2 h5 16. Bg5 Nh7 17. Bf4 Qd8 18. h4 Nf8 19. Kg1 Kh7 20. Nf3 Ng4 21. Nd5
Ne6 22. Nxc7 Nxc7 23. Qxd6 Bf5 24. Qxd8 Rbxd8 25. Rxd8 Rxd8 26. Bxc7 Rd7 27.
Bf4 Bb2 28. Rf1 Kg7 29. Bc1 Bc3 30. Ba3 b5 31. cxb5 axb5 32. Bc5 b4 33. e3 Rc7
34. Bb6 Rc6 35. Bd4+ f6 36. Rc1 Rc8 37. a4 Ne5 38. Nxe5 fxe5 39. Bb6 e4 40. a5
Rc6 41. Bf1 Bc8 42. Rd1 Be5 43. Bc4 Kf8 44. Rd5 Bc3 45. Bb5 1-0

[Event "Championnat de France - Accession"]
[Site "Pau"]
[Date "2008.08.15"]
[Round "4.12"]
[White "Moussard, Jules"]
[Black "Lagarde, Maxime"]
[Result "1-0"]
[WhiteElo "2255"]
[BlackElo "2322"]
[PlyCount "91"]

1. e4 c5 2. Nf3 d6 3. d4 cxd4 4. Nxd4 Nf6 5. f3 e5 6. Nb3 Nc6 7. c4 a5 8. Be3
a4 9. N3d2 Be7 10. Be2 Nh5 11. O-O Bg5 12. Bf2 Nf4 13. Re1 O-O 14. Na3 Qf6 15.
Bf1 Nd4 16. Ndb1 Bh4 17. Bxh4 Qxh4 18. Nc3 f5 19. Nab5 Nxb5 20. Nxb5 fxe4 21.
Rxe4 Bf5 22. Re1 Rf6 23. Nxd6 Qg5 24. g3 Nd3 25. Ne4 Bxe4 26. Rxe4 Nxb2 27.
Qd5+ Rf7 28. Rxe5 Qf6 29. Rae1 h6 30. f4 Rd8 31. Re8+ Rxe8 32. Rxe8+ Kh7 33.
Bg2 g6 34. Be4 Rg7 35. Re6 Qc3 36. Rxg6 Rxg6 37. Qf7+ Kh8 38. Qxg6 Qd4+ 39. Kg2
Qd2+ 40. Kh3 Qd7+ 41. Bf5 Qg7 42. Qe8+ Qg8 43. Qe5+ Qg7 44. Qb8+ Qg8 45. Qxb7
Nxc4 46. Qe7 1-0

[Event "Championnat de France - Accession"]
[Site "Pau"]
[Date "2008.08.15"]
[Round "4.13"]
[White "Heinis, Vincent"]
[Black "Crut, Aurelien"]
[Result "0-1"]
[WhiteElo "2116"]
[BlackElo "2316"]
[PlyCount "68"]

1. d4 d5 2. c4 e6 3. Nc3 c6 4. Nf3 dxc4 5. a4 Bb4 6. e3 b5 7. Bd2 a5 8. axb5
Bxc3 9. Bxc3 cxb5 10. b3 Bb7 11. bxc4 b4 12. Bb2 Nf6 13. Bd3 O-O 14. O-O Nbd7
15. Re1 Ne4 16. Nd2 Nxd2 17. Qxd2 Qe7 18. c5 f5 19. Qc2 Bc6 20. e4 fxe4 21.
Bxe4 Bxe4 22. Qxe4 Nf6 23. Qc6 Rfe8 24. Qb5 Qc7 25. d5 Nxd5 26. Be5 Qa7 27. Re4
a4 28. Rg4 Re7 29. c6 a3 30. c7 Rxc7 31. Bxc7 Qxc7 32. Qe2 Qf7 33. Qa2 Qf6 34.
Re4 b3 0-1

[Event "Championnat de France - Accession"]
[Site "Pau"]
[Date "2008.08.15"]
[Round "4.14"]
[White "Demuth, Adrien"]
[Black "Bonn, Thomas"]
[Result "1/2-1/2"]
[WhiteElo "2315"]
[BlackElo "2190"]
[PlyCount "58"]

1. d4 f5 2. g3 Nf6 3. Bg2 g6 4. c4 Bg7 5. Nc3 O-O 6. Nh3 d6 7. d5 Nbd7 8. O-O
Ne5 9. b3 c5 10. Qc2 a6 11. f4 Neg4 12. Rb1 Rb8 13. a4 Bd7 14. Ng5 Nh6 15. h3
Nf7 16. Ne6 Bxe6 17. dxe6 Nh6 18. e4 Qc8 19. e5 Nh5 20. exd6 exd6 21. Kh2 Kh8
22. Re1 Re8 23. Bd5 Nf6 24. Bb2 Nhg8 25. Rbd1 Ne7 26. Bf3 Qc7 27. Nd5 Nexd5 28.
cxd5 b5 29. b4 bxa4 1/2-1/2

[Event "Championnat de France - Accession"]
[Site "Pau"]
[Date "2008.08.15"]
[Round "4.15"]
[White "Ryan, Martin"]
[Black "Rabeyrin, Jean-Jacques"]
[Result "1/2-1/2"]
[WhiteElo "2063"]
[BlackElo "2302"]
[PlyCount "109"]

1. d4 d5 2. c4 c6 3. cxd5 cxd5 4. Nc3 Nc6 5. Bf4 Nf6 6. e3 Bf5 7. Nf3 e6 8. Bb5
Nd7 9. Qa4 Rc8 10. O-O a6 11. Bxc6 Rxc6 12. Rfc1 Be7 13. Ne2 b5 14. Qd1 Rc4 15.
Nd2 Rxc1 16. Nxc1 O-O 17. Nf3 Qa8 18. a4 b4 19. Nd3 Rc8 20. a5 Rc4 21. Nfe5
Nxe5 22. Nxe5 Rc8 23. Rc1 f6 24. Nd7 b3 25. Nb6 Rxc1 26. Qxc1 Qb7 27. Qc3 Bc2
28. h4 h6 29. Qc7 Qxc7 30. Bxc7 Bb4 31. Na4 Bd3 32. Nc5 Bc4 33. Na4 Kf7 34. Bb6
Ke8 35. Nc5 Ke7 36. Nb7 Kd7 37. Bc5 Bd2 38. Ba3 e5 39. Nc5+ Ke8 40. Ne6 Kf7 41.
Nd8+ Kg6 42. Nc6 e4 43. Bb4 Bxb4 44. Nxb4 Kh5 45. g3 Kg4 46. Kg2 Kf5 47. Kh2
Kg4 48. Kg2 g5 49. hxg5 fxg5 50. Nc6 h5 51. Ne5+ Kf5 52. Kh2 Bf1 53. Kg1 Be2
54. Kh2 Bf3 55. Kh3 1/2-1/2

[Event "Championnat de France - Accession"]
[Site "Pau"]
[Date "2008.08.15"]
[Round "4.16"]
[White "Berthier, Hugo"]
[Black "Van Elst, Andreas"]
[Result "1-0"]
[WhiteElo "2157"]
[BlackElo "2336"]
[PlyCount "139"]

1. Nf3 Nf6 2. c4 g6 3. Nc3 Bg7 4. e4 d6 5. d4 O-O 6. Be2 Nbd7 7. O-O e5 8. Be3
Re8 9. d5 Nh5 10. g3 Bf8 11. Ne1 Ng7 12. Nd3 f5 13. f3 Be7 14. Qd2 Nf6 15. c5
fxe4 16. fxe4 Bh3 17. Rf2 Ng4 18. Bxg4 Bxg4 19. Rc1 Nh5 20. cxd6 cxd6 21. Nb5
Nf6 22. Rxf6 Bxf6 23. Nc7 Rc8 24. Nxe8 Qxe8 25. Qb4 Rxc1+ 26. Nxc1 Qb8 27. Nb3
Bd8 28. Qa4 Bb6 29. Bxb6 axb6 30. Nd2 Kg7 31. Kg2 Qc8 32. Qc4 Bh3+ 33. Kf2 Qd8
34. Ke3 Bd7 35. Qb4 Bg4 36. Kd3 Bh3 37. Kc3 Kh6 38. Nc4 b5 39. Nxd6 Qc7+ 40.
Kb3 Bf1 41. Nxb5 Qc1 42. Nc3 Bd3 43. Qxb7 Qc2+ 44. Ka3 Bxe4 45. Qb4 Bf5 46.
Qh4+ Kg7 47. Qe7+ Kh6 48. Qxe5 Qxh2 49. d6 Qg1 50. b4 Qa7+ 51. Kb3 Qf7+ 52. Kb2
Qb7 53. Qf4+ Kg7 54. Qd4+ Kh6 55. Qh4+ Kg7 56. Qe7+ Qxe7 57. dxe7 Kf7 58. Nd5
Bd7 59. Kc3 h5 60. Kd4 g5 61. Kc5 h4 62. gxh4 gxh4 63. Nf4 h3 64. Kd6 Ke8 65.
Nxh3 Bxh3 66. b5 Bf1 67. b6 Ba6 68. a4 Bc8 69. a5 Ba6 70. Kc7 1-0

[Event "Championnat de France - Accession"]
[Site "Pau"]
[Date "2008.08.15"]
[Round "4.17"]
[White "Camus De Solliers, Guillaume"]
[Black "Wunderman, Xavier"]
[Result "1-0"]
[WhiteElo "2319"]
[BlackElo "2182"]
[PlyCount "84"]

1. d4 d5 2. c4 c6 3. Nc3 Nf6 4. e3 Nbd7 5. Nf3 e6 6. Bd3 Bd6 7. e4 dxe4 8. Nxe4
Nxe4 9. Bxe4 Qc7 10. O-O Nf6 11. Bc2 b6 12. a4 Bb7 13. Qe2 h6 14. Bd2 O-O 15.
Bc3 Rfe8 16. Rfd1 Rad8 17. Rd2 a5 18. h3 Ba6 19. Bd3 Bb7 20. b3 Qb8 21. Re1 Qa8
22. Ne5 c5 23. dxc5 Bxc5 24. Ng4 Nxg4 25. Qxg4 Bf8 26. Re3 Bc8 27. Be5 Qb7 28.
Rg3 f5 29. Qg6 Qf7 30. Qxh6 Rd7 31. Be2 Red8 32. Bh5 Qe7 33. Bf6 Qa3 34. Rxd7
Rxd7 35. Be8 Rc7 36. Be5 Re7 37. Qh5 Qc1+ 38. Kh2 Qd2 39. f4 Ra7 40. Bg6 Bc5
41. Qh7+ Kf8 42. Qh8+ Ke7 1-0

[Event "Championnat de France - Accession"]
[Site "Pau"]
[Date "2008.08.15"]
[Round "4.18"]
[White "Pietrasanta, Jeremy"]
[Black "Li, Frederic"]
[Result "0-1"]
[WhiteElo "2301"]
[BlackElo "2186"]
[PlyCount "132"]

1. e4 e5 2. Bc4 Nf6 3. Qe2 Nc6 4. Nf3 Be7 5. d3 O-O 6. Nbd2 a6 7. c3 Bc5 8. Bb3
d6 9. Nf1 Ba7 10. Ng3 Ne7 11. Bg5 Ng4 12. O-O h6 13. Bxe7 Qxe7 14. h3 Nf6 15.
Nh4 Kh7 16. Nhf5 Qd8 17. Kh1 Be6 18. f4 Ng8 19. Rf3 g6 20. Ne3 Qh4 21. f5 Bxb3
22. axb3 Bxe3 23. Qxe3 Qd8 24. Raf1 Nf6 25. Ne2 g5 26. g4 Rg8 27. Ng3 Qd7 28.
d4 Qb5 29. R3f2 b6 30. b4 a5 31. bxa5 Rxa5 32. Qd2 Qb3 33. Qd1 Qxd1 34. Rxd1
Re8 35. Re2 Kg7 36. Kg2 Kf8 37. Kf3 Rea8 38. Red2 Ra1 39. Rxa1 Rxa1 40. dxe5
dxe5 41. Rd8+ Ke7 42. Rh8 Ra2 43. Rxh6 Rxb2 44. Nh5 Ne8 45. f6+ Kd7 46. h4 gxh4
47. g5 Nd6 48. Rh7 Kc6 49. Kg4 Rg2+ 50. Kxh4 b5 51. Rg7 Kd7 52. Ng3 Ke6 53. Rg8
c5 54. Kh3 Rc2 55. Kg4 Rxc3 56. Nf5 Nxe4 57. Re8+ Kd5 58. Rd8+ Kc6 59. Ne7+ Kc7
60. Rg8 Kd7 61. Kf5 Re3 62. Kxe5 Nxg5+ 63. Kf4 Rxe7 64. Rxg5 Re6 65. Rxc5 Rxf6+
66. Ke4 Rb6 0-1

[Event "Championnat de France - Accession"]
[Site "Pau"]
[Date "2008.08.15"]
[Round "4.19"]
[White "Bleunven, Andre"]
[Black "Dubessay, Bastien"]
[Result "1-0"]
[WhiteElo "2261"]
[BlackElo "2131"]
[PlyCount "81"]

1. Nf3 Nf6 2. c4 g6 3. Nc3 Bg7 4. e4 d6 5. d4 O-O 6. Be2 e5 7. O-O Nc6 8. d5
Ne7 9. a4 a5 10. Ne1 Nd7 11. Nd3 f5 12. f3 h5 13. Bd2 Nf6 14. Kh1 b6 15. Nf2
Kh8 16. Nb5 Neg8 17. exf5 gxf5 18. f4 Ng4 19. Nh3 e4 20. Ng5 e3 21. Bxg4 fxg4
22. Bxe3 Nh6 23. Bd4 Nf5 24. Qd3 Bxd4 25. Nxd4 Qf6 26. Nde6 Bxe6 27. Nxe6 Rf7
28. Rae1 Re8 29. Re2 c5 30. Rfe1 Rfe7 31. g3 Kg8 32. Ng5 h4 33. gxh4 Nxh4 34.
Qh7+ Rxh7 35. Rxe8+ Kg7 36. R1e7+ Kg6 37. Rxh7 g3 38. Rg8+ Kf5 39. Rf7 g2+ 40.
Kg1 Nf3+ 41. Kxg2 1-0

[Event "Championnat de France - Accession"]
[Site "Pau"]
[Date "2008.08.15"]
[Round "4.20"]
[White "Vallet, Marc"]
[Black "Le Goff, Damien"]
[Result "1-0"]
[WhiteElo "2200"]
[BlackElo "2261"]
[PlyCount "93"]

1. d4 Nf6 2. Nf3 e6 3. Bf4 b6 4. e3 Bb7 5. Bd3 d6 6. Nbd2 Nbd7 7. h3 Qe7 8. Bh2
g6 9. O-O Bh6 10. c3 O-O 11. Nc4 Ne4 12. Qc2 f5 13. a4 a6 14. Rfe1 Kh8 15. Nfd2
Ng5 16. Bg3 Nf6 17. f3 Nh5 18. Bf2 Rf7 19. h4 Ne4 20. fxe4 fxe4 21. Bxe4 Rxf2
22. Bxb7 Raf8 23. Rf1 Qxh4 24. Nf3 Rxc2 25. Nxh4 Rxf1+ 26. Rxf1 d5 27. Ne5
Bxe3+ 28. Kh2 g5 29. Rf8+ Kg7 30. Rf7+ Kg8 31. Nhf3 g4 32. Ne1 Rc1 33. Rf1 Bf4+
34. Rxf4 Nxf4 35. N5d3 Nxd3 36. Nxd3 Ra1 37. Bxa6 Rxa4 38. Bc8 Kf7 39. Nf4 e5
40. Bd7 b5 41. b3 exf4 42. bxa4 bxa4 43. Bxa4 Ke7 44. g3 fxg3+ 45. Kxg3 h5 46.
Kf4 Kd6 47. Be8 1-0

[Event "Championnat de France - Accession"]
[Site "Pau"]
[Date "2008.08.16"]
[Round "5.1"]
[White "Guilleux, Fabien"]
[Black "Housieaux, David"]
[Result "1-0"]
[WhiteElo "2397"]
[BlackElo "2411"]
[PlyCount "141"]

1. Nf3 Nf6 2. c4 g6 3. Nc3 Bg7 4. e4 d6 5. d4 O-O 6. Be2 e5 7. Be3 Nbd7 8. O-O
Re8 9. d5 Nh5 10. Re1 Bf8 11. b4 Ng7 12. a4 f5 13. a5 h5 14. h3 f4 15. Bc1 g5
16. Nh2 Nf6 17. Ba3 Qd7 18. c5 Qf7 19. c6 bxc6 20. dxc6 Be6 21. b5 d5 22. Bxf8
Kxf8 23. exd5 Nxd5 24. Ne4 Rad8 25. Nxg5 Qf5 26. Nxe6+ Nxe6 27. Bd3 Qf7 28.
Rxe5 Nc3 29. Qc2 Qg7 30. Qxc3 Rxd3 31. Rf5+ Kg8 32. Qxg7+ Nxg7 33. Rxf4 Rb3 34.
b6 axb6 35. axb6 Rxb6 36. Rc4 Re6 37. Rac1 Nf5 38. Nf3 Ne7 39. Ng5 Rg6 40. h4
Rbxc6 41. Rxc6 Nxc6 42. Rc5 Kf8 43. Nh3 Nd4 44. Nf4 Rg4 45. g3 Nf3+ 46. Kf1
Nxh4 47. Rxh5 Nf3 48. Kg2 Ne1+ 49. Kh3 Rg8 50. Rf5+ Kg7 51. Ne6+ Kh6 52. g4 Nd3
53. Nxc7 Rg5 54. Rf6+ Kg7 55. Rf3 Nc5 56. Kh4 Re5 57. Rc3 Ne4 58. Re3 Kg6 59.
f4 Re7 60. f5+ Kh6 61. g5+ Kh7 62. Ne6 Nd6 63. Kg4 Kg8 64. Rd3 Nf7 65. Kh5 Re8
66. g6 Ne5 67. f6 Nf7 68. Ng5 Nxg5 69. Kxg5 Ra8 70. Kh6 Kh8 71. Rd7 1-0

[Event "Championnat de France - Accession"]
[Site "Pau"]
[Date "2008.08.16"]
[Round "5.2"]
[White "Bujisho, Benjamin"]
[Black "Bedouin, Xavier"]
[Result "1-0"]
[WhiteElo "2402"]
[BlackElo "2365"]
[PlyCount "79"]

1. d4 d5 2. c4 e6 3. Nc3 Be7 4. cxd5 exd5 5. Bf4 c6 6. e3 Bf5 7. g4 Be6 8. Bd3
Nd7 9. h3 h5 10. gxh5 Ndf6 11. Qc2 Nxh5 12. Nge2 Ngf6 13. O-O-O Qa5 14. Kb1 Ne4
15. Nxe4 dxe4 16. Bc4 Bxc4 17. Qxc4 Qd5 18. Qc2 O-O 19. Rhg1 Rfe8 20. Be5 f6
21. Bh2 Qe6 22. Rg4 f5 23. Rgg1 Kh8 24. Be5 Kh7 25. Nf4 Nxf4 26. Rxg7+ Kh6 27.
exf4 Rg8 28. Rdg1 Rxg7 29. Bxg7+ Kh7 30. Qd1 Qf7 31. Be5 Rg8 32. Rxg8 Kxg8 33.
a3 Bh4 34. f3 Qg6 35. d5 cxd5 36. Qxd5+ Qf7 37. fxe4 fxe4 38. Qxe4 Kf8 39. f5
Qd7 40. Bc3 1-0

[Event "Championnat de France - Accession"]
[Site "Pau"]
[Date "2008.08.16"]
[Round "5.4"]
[White "Terrieux, Kevin"]
[Black "Rouler, Charly"]
[Result "1/2-1/2"]
[WhiteElo "2360"]
[BlackElo "2326"]
[PlyCount "34"]

1. d4 Nf6 2. c4 g6 3. Nc3 Bg7 4. e4 d6 5. Be2 O-O 6. Bg5 c5 7. d5 h6 8. Bf4 b5
9. cxb5 a6 10. a4 axb5 11. Bxb5 Ba6 12. Nf3 Qa5 13. O-O Nbd7 14. Bd2 Rfb8 15.
Qe2 Ne5 16. Qe3 Qd8 17. Rab1 Nfd7 1/2-1/2

[Event "Championnat de France - Accession"]
[Site "Pau"]
[Date "2008.08.16"]
[Round "5.5"]
[White "Bailet, Pierre"]
[Black "Vernay, Clovis"]
[Result "1/2-1/2"]
[WhiteElo "2268"]
[BlackElo "2345"]
[PlyCount "103"]

1. e4 e6 2. d4 d5 3. Nc3 Bb4 4. Nge2 dxe4 5. a3 Be7 6. Nxe4 Nf6 7. N2g3 Nxe4 8.
Nxe4 O-O 9. Bc4 b6 10. O-O Bb7 11. Re1 Nd7 12. Nc3 Nf6 13. Bg5 Rc8 14. b4 h6
15. Be3 a6 16. Qe2 Ra8 17. Rad1 Bd6 18. Bb3 a5 19. Nb5 Ba6 20. Bc4 Bxb5 21.
Bxb5 axb4 22. axb4 Bxb4 23. Rf1 Nd5 24. Qg4 f5 25. Qh5 f4 26. Bd2 Bxd2 27. Rxd2
Ra5 28. Qg4 Rxb5 29. c4 Ra5 30. Qxe6+ Kh8 31. cxd5 Qxd5 32. Qe7 Rf7 33. Qe8+
Kh7 34. Re1 Ra8 35. Qe2 Rd8 36. h3 Kg8 37. Qg4 Qf5 38. Qf3 c5 39. Re5 Qb1+ 40.
Rd1 Qc2 41. d5 b5 42. d6 b4 43. Qd5 Kh7 44. Rd2 Qg6 45. Re6 Qb1+ 46. Kh2 f3 47.
Rxh6+ Kg8 48. Rh8+ Kxh8 49. Qxf7 fxg2 50. Qh5+ Kg8 51. Qd5+ Kh7 52. Qh5+
1/2-1/2

[Event "Championnat de France - Accession"]
[Site "Pau"]
[Date "2008.08.16"]
[Round "5.6"]
[White "Crut, Aurelien"]
[Black "Moussard, Jules"]
[Result "1-0"]
[WhiteElo "2316"]
[BlackElo "2255"]
[PlyCount "165"]

1. e4 c5 2. Nf3 d6 3. Bb5+ Nd7 4. d4 Ngf6 5. O-O a6 6. Bxd7+ Nxd7 7. d5 g6 8.
a4 Bg7 9. Nc3 O-O 10. Bf4 Qc7 11. Re1 b6 12. Bg3 Rb8 13. Qe2 f6 14. Nd2 Qb7 15.
Nc4 Ne5 16. Bxe5 fxe5 17. Reb1 Bd7 18. a5 b5 19. Nb6 h5 20. Nd1 Bh6 21. Ra3 Kh7
22. h3 Rf4 23. Rf3 Rbf8 24. Rxf4 exf4 25. f3 Bg7 26. c3 Qc7 27. Nf2 Kh6 28. Qd2
g5 29. Rd1 Be8 30. h4 gxh4 31. Nd3 Kg5 32. c4 bxc4 33. Nxc4 Bd4+ 34. Kf1 Bb5
35. b3 h3 36. Nxf4 Bxc4+ 37. bxc4 hxg2+ 38. Nxg2+ Kg6 39. Nf4+ Rxf4 40. Qxf4
Qxa5 41. Qf5+ Kg7 42. Qg5+ Kf8 43. Rb1 Bb2 44. Qg2 Bg7 45. Qh3 Bb2 46. Qg2 Bg7
47. Kg1 Qa3 48. Kh1 h4 49. Kh2 Be5+ 50. Kh3 Bg3 51. Qe2 Qc3 52. Rb8+ Kf7 53. e5
Qxe5 54. Qxe5 Bxe5 55. Kxh4 a5 56. Kg5 Bc3 57. Kf5 Bb4 58. Ra8 Be1 59. Ra7 Bb4
60. Ra8 Be1 61. Rh8 Bc3 62. Rh7+ Bg7 63. Rh2 Bc3 64. Ke4 Kf6 65. f4 Bb4 66. Ra2
Bc3 67. Kd3 Bb4 68. Re2 Ba3 69. Kc3 Bb4+ 70. Kb3 Kf7 71. Re6 Ke8 72. f5 Kd7 73.
f6 exf6 74. Rxf6 Ke7 75. Rg6 Bd2 76. Ka4 Bb4 77. Kb5 Bc3 78. Kc6 Be5 79. Re6+
Kd8 80. Kb5 Kd7 81. Kxa5 Bh2 82. Rh6 Bf4 83. Rh7+ 1-0